000 01082nam a2200349 a 4500
003 AR-BaBNM
005 20251128210206.0
008 082120s2002 ||||||||||||||000 | spa||
020 _a84-85840-17-8
040 _cAR-BaBNM
100 1 _aEscaño, José
245 0 0 _aCómo se aprende y cómo se enseña
250 _a3ª ed.
260 _aBarcelona
_bI.C.E. Universitat Barcelona
_bHorsori
_c1997
300 _a163 p.
_bgráfs., tablas
490 0 _aCuadernos de educación
_vv. 9
500 _aContiene glosario de términos p. 135-151
504 _aContiene bibliografía específica al final de cada capítulo
504 _aContiene bibliografía general sobre el tema p. 153-163
650 4 _aPROCESO DE APRENDIZAJE
650 4 _aDIDACTICA
650 4 _aCURRICULO
650 4 _aROL DEL DOCENTE
650 4 _aFORMACION DE CONCEPTOS
650 4 _aDIFICULTADES EN EL APRENDIZAJE
650 4 _aEVALUACION
653 _aCONTENIDOS CURRICULARES
700 1 _aGil de la Serna, María
800 1 _aColl, César
_edirector
942 _cBK
998 _cRaquel
999 _c14447
_d14447